L'essentiel des techniques de vente

Salvato in:
Dettagli Bibliografici
Autore principale: Roche, Didier
Natura: Libro
Lingua:francese
Pubblicazione: Paris Gualino éditeur, Lextenso éditions 2016
Serie:Les carrés
Soggetti:
Tags: Aggiungi Tag
Nessun Tag, puoi essere il primo ad aggiungerne!!

MARC

LEADER 00000nam a2200000 4500
001 0235049
005 20240226124452.9
020 |a 978-2-297-04508-7 
022 |a 1288-8206 
041 0 |a fre 
044 |a FR 
245 1 0 |a L'essentiel des techniques de vente  |c Didier Roche 
264 1 |a Paris  |b Gualino éditeur, Lextenso éditions  |c 2016 
300 |a 107 s. 
490 1 |a Les carrés 
830 0 |a Les carrés 
610 2 0 |a predaj 
610 2 0 |a riadenie predaja 
610 2 0 |a produkty 
610 2 0 |a psychológia predaja 
100 1 |a Roche, Didier